Normal view
MARC view
- تاليف الفقير، نوح
Entry Personal Name
001 - CONTROL NUMBER
- control field: 9668
003 - CONTROL NUMBER IDENTIFIER
- control field: JO-AjAnu
005 - DATE AND TIME OF LATEST TRANSACTION
- control field: 20230606071844.0
008 - FIXED-LENGTH DATA ELEMENTS
- fixed length control field: 230606|| aca||aabn | a|a d
040 ## - CATALOGING SOURCE
- Original cataloging agency: JO-AjAnu
- Transcribing agency: JO-AjAnu
100 ## - HEADING--PERSONAL NAME
- Personal name: تاليف الفقير، نوح
670 ## - SOURCE DATA FOUND
- Source citation: Work cat.: (JO-AjAnu)4986: تاليف الفقير، نوح, author, الأنبياء والصحابة والتابعون والخلفاء والعلماء والقادة والمفكرون الذين ولدوا أو عاشوا في الأردن